[Event "Zilina Region-ch"]
[Site "Zilina"]
[Date "2011.05.07"]
[Round "2"]
[White "Toth, Erik"]
[Black "Androvic, Peter"]
[Result "1-0"]
[WhiteElo "1943"]
[BlackElo "1872"]
[PlyCount "65"]
[EventDate "2011.05.06"]
[EventType "swiss"]
[EventRounds "7"]
[EventCountry "SVK"]
[SourceTitle "EXT 2012"]
[Source "ChessBase"]
[SourceDate "2011.11.24"]
[SourceVersion "1"]
[SourceVersionDate "2011.11.24"]
[SourceQuality "1"]

1. e4 e5 2. Nf3 Nc6 3. Bb5 a6 4. Ba4 Nf6 5. 0-0 b5 6. Bb3 Be7 7. Re1 d6 8. c3 Na5 9. Bc2 c5 10. h3 c4 11. d4 cxd3 12. Qxd3 h6 13. Nbd2 Qc7 14. Nf1 Be6 15. b3 Rc8 16. Bb2 Nb7 17. Rac1 Nc5 18. Qe2 Nh5 19. Ng3 Nf4 20. Qd2 g6 21. Ne2 Bg5 22. Nxg5 hxg5 23. Nxf4 gxf4 24. Rcd1 Rd8 25. Qe2 Qc8 26. Qf3 g5 27. g4 fxg3 28. fxg3 Bxh3 29. Qf6 Qg4 30. Re3 Qh5 31. Rxd6 Rxd6 32. Qxd6 Ne6 33. Ba3 1-0

[Event "SVK-ch Seniors-A"]
[Site "Tatranske Matliare"]
[Date "2010.06.??"]
[Round "4"]
[White "Androvic, Peter"]
[Black "Rolny, Jozef"]
[Result "1-0"]
[WhiteElo "1913"]
[BlackElo "1787"]
[PlyCount "71"]
[EventDate "2010.06.06"]
[EventType "swiss"]
[EventRounds "9"]
[EventCountry "SVK"]
[SourceTitle "EXT 2023"]
[Source "ChessBase"]
[SourceDate "2022.10.05"]
[SourceVersion "1"]
[SourceVersionDate "2022.10.05"]
[SourceQuality "1"]

1. e4 c5 2. Nf3 d6 3. d4 cxd4 4. Nxd4 Nf6 5. Nc3 a6 6. h3 e6 7. Be2 Be7 8. f4 e5 9. Nf3 0-0 10. 0-0 b5 11. fxe5 dxe5 12. Nxe5 Bb7 13. Bf3 Qb6+ 14. Kh1 Nc6 15. Nd7 Nxd7 16. Qxd7 Bf6 17. Nd5 Qd4 18. Qxb7 Ne5 19. c3 Qc4 20. Nxf6+ gxf6 21. Bh6 Rfd8 22. Qe7 Qc6 23. Bh5 Rd7 24. Qxf6 Qxf6 25. Rxf6 Rad8 26. Raf1 Ng6 27. Kh2 Re8 28. Rxa6 Rde7 29. Bf3 Re6 30. Ra7 Ne5 31. Bc1 Kg7 32. Rb7 Nxf3+ 33. gxf3 Rg6 34. Rxb5 Kf6 35. Be3 Reg8 36. Rf2 1-0

[Event "SVK-ch Seniors-A"]
[Site "Tatranske Matliare"]
[Date "2009.??.??"]
[Round "8"]
[White "Androvic, Peter"]
[Black "Balko, Dominik"]
[Result "0-1"]
[WhiteElo "1950"]
[BlackElo "1995"]
[PlyCount "82"]
[EventDate "2009.05.31"]
[EventType "swiss"]
[EventRounds "9"]
[EventCountry "SVK"]
[SourceTitle "EXT 2023"]
[Source "ChessBase"]
[SourceDate "2022.10.05"]
[SourceVersion "1"]
[SourceVersionDate "2022.10.05"]
[SourceQuality "1"]

1. e4 c6 2. d4 d5 3. e5 Bf5 4. Bd3 Bxd3 5. Qxd3 e6 6. Be3 Nd7 7. c3 Qb6 8. Qc2 c5 9. Ne2 Ne7 10. Ng3 0-0-0 11. Nd2 Kb8 12. f4 g6 13. dxc5 Qc6 14. Nb3 Nf5 15. Nd4 Qa6 16. Ngxf5 gxf5 17. b4 Qc4 18. a4 Rc8 19. Nb3 Rg8 20. g3 Qe4 21. Qxe4 fxe4 22. Bd4 Bg7 23. 0-0-0 f6 24. exf6 Bxf6 25. Kb2 Rg6 26. Rhf1 Rh6 27. Rd2 Rf8 28. Be3 Rh3 29. Rff2 h5 30. f5 Ne5 31. Bf4 e3 32. Bxe3 Nc4+ 33. Kc1 Nxe3 34. fxe6 Be7 35. Rxf8+ Bxf8 36. Rf2 Bh6 37. e7 Nf5+ 38. Kc2 Nxe7 39. Kd3 h4 40. Rf3 Nc6 41. Nd4 Ne5+ 0-1

[Event "SVK-ch Seniors-A"]
[Site "Tatranske Matliare"]
[Date "2009.??.??"]
[Round "7"]
[White "Sturc, Gustav"]
[Black "Androvic, Peter"]
[Result "1/2-1/2"]
[WhiteElo "2067"]
[BlackElo "1950"]
[PlyCount "33"]
[EventDate "2009.05.31"]
[EventType "swiss"]
[EventRounds "9"]
[EventCountry "SVK"]
[SourceTitle "EXT 2023"]
[Source "ChessBase"]
[SourceDate "2022.10.05"]
[SourceVersion "1"]
[SourceVersionDate "2022.10.05"]
[SourceQuality "1"]

1. b4 d5 2. Bb2 Bf5 3. e3 e6 4. b5 Nf6 5. Nf3 h6 6. Be2 Be7 7. 0-0 0-0 8. d4 a6 9. a4 axb5 10. axb5 Nbd7 11. Nbd2 c6 12. bxc6 bxc6 13. c4 Qb6 14. cxd5 Nxd5 15. Rxa8 Rxa8 16. Ba1 Nb4 17. e4 1/2-1/2

[Event "Bratislava Doprastav op"]
[Site "Bratislava"]
[Date "2006.06.27"]
[Round "5"]
[White "Frindt, Kornel"]
[Black "Androvic, Peter"]
[Result "1-0"]
[WhiteElo "2231"]
[BlackElo "2022"]
[PlyCount "61"]
[EventDate "2006.06.24"]
[EventType "swiss"]
[EventRounds "9"]
[EventCountry "SVK"]
[SourceTitle "EXT 2008"]
[Source "ChessBase"]
[SourceDate "2007.11.25"]
[SourceVersion "1"]
[SourceVersionDate "2007.11.25"]
[SourceQuality "1"]

1. e4 e5 2. Nf3 Nc6 3. Bb5 a6 4. Ba4 Nf6 5. d4 b5 6. Bb3 Nxd4 7. Nxd4 exd4 8. e5 Qe7 9. 0-0 Ng8 10. Qxd4 Bb7 11. Bd5 c6 12. Bf3 Qc5 13. Qe4 Qb4 14. Qe2 Qa5 15. Nc3 Qc7 16. Bf4 0-0-0 17. Ne4 h6 18. Bg3 Qb6 19. a4 b4 20. a5 Qb5 21. Qe3 f5 22. exf6 Nxf6 23. Nxf6 gxf6 24. Rfe1 f5 25. Bh4 Bc5 26. Qe5 Rde8 27. Qxe8+ Rxe8 28. Rxe8+ Kc7 29. Bd8+ Kb8 30. Bb6+ Bc8 31. Be2 1-0

[Event "Bratislava Doprastav op"]
[Site "Bratislava"]
[Date "2005.07.02"]
[Round "9"]
[White "Marsina, Stefan"]
[Black "Androvic, Peter"]
[Result "0-1"]
[WhiteElo "2029"]
[BlackElo "2028"]
[PlyCount "98"]
[EventDate "2005.06.25"]
[EventType "swiss"]
[EventRounds "9"]
[EventCountry "SVK"]
[SourceTitle "EXT 2006"]
[Source "ChessBase"]
[SourceDate "2005.11.24"]
[SourceVersion "1"]
[SourceVersionDate "2005.11.24"]
[SourceQuality "1"]

1. c4 e5 2. Nc3 Nc6 3. g3 d6 4. Bg2 Nf6 5. e3 Bg4 6. Nce2 Be7 7. d4 exd4 8. exd4 0-0 9. Qb3 Rb8 10. Be3 Qc8 11. d5 Na5 12. Qc3 b6 13. Nd4 Bd7 14. b4 Nb7 15. Ngf3 Nd8 16. b5 Ne4 17. Qc2 f5 18. 0-0 Bf6 19. Ne1 Re8 20. Nd3 Ra8 21. Nb4 Nf7 22. Rad1 Ne5 23. Bc1 Nc5 24. Bb2 a6 25. f4 Ng4 26. Rde1 Ne3 27. Rxe3 Rxe3 28. Ne6 Bxb2 29. Qxb2 Bxe6 30. dxe6 Rxe6 31. Bd5 axb5 32. cxb5 Kf8 33. Qc2 Rf6 34. Bxa8 Qxa8 35. Re1 Qa5 36. Qc4 Ne4 37. Re2 Qa4 38. Rc2 Rf7 39. g4 Qa3 40. Re2 Qf3 41. gxf5 Qg4+ 42. Kh1 Qf3+ 43. Kg1 Nc5 44. Nd5 Rxf5 45. Nxc7 d5 46. Qc2 Rf6 47. Qxh7 Qxe2 48. Nxd5 Qd1+ 49. Kg2 Qxd5+ 0-1

[Event "Bratislava Doprastav op"]
[Site "Bratislava"]
[Date "2005.07.01"]
[Round "8"]
[White "Androvic, Peter"]
[Black "Goga, Frantisek"]
[Result "1-0"]
[WhiteElo "2028"]
[BlackElo "2067"]
[PlyCount "97"]
[EventDate "2005.06.25"]
[EventType "swiss"]
[EventRounds "9"]
[EventCountry "SVK"]
[SourceTitle "EXT 2006"]
[Source "ChessBase"]
[SourceDate "2005.11.24"]
[SourceVersion "1"]
[SourceVersionDate "2005.11.24"]
[SourceQuality "1"]

1. e4 c5 2. Nf3 d6 3. d4 cxd4 4. Nxd4 Nf6 5. Nc3 a6 6. Be2 e5 7. Nb3 Be7 8. 0-0 0-0 9. Be3 Be6 10. Re1 Nbd7 11. f4 exf4 12. Bxf4 b5 13. Bf3 Ne5 14. Nd4 Nxf3+ 15. gxf3 Nh5 16. Be3 Bg5 17. Qd2 Bh4 18. Bf2 Bxf2+ 19. Qxf2 Nf4 20. Kh1 Rc8 21. Nce2 Nh3 22. Qg3 Qf6 23. c3 Rc5 24. Qxd6 Rg5 25. Ng3 Qh6 26. Re2 Qh4 27. Nxe6 fxe6 28. Qxe6+ Kh8 29. Qd6 Rg8 30. Rd2 Rg6 31. Qc7 Qg5 32. Qd7 Qe3 33. Rf1 Qh6 34. Nf5 Qh5 35. Qd3 Re8 36. Qe3 Rg5 37. Nd4 Qh4 38. Rg2 Rxg2 39. Kxg2 Nf4+ 40. Kh1 Qh3 41. Rg1 Rf8 42. Nf5 Nh5 43. Qf2 g6 44. Qd4+ Nf6 45. Ng3 h5 46. Qd6 Rf7 47. Qd3 Kh7 48. e5 Ng8 49. Ne4 1-0

[Event "Bratislava Doprastav op"]
[Site "Bratislava"]
[Date "2005.06.25"]
[Round "1"]
[White "Sosovicka, Juraj"]
[Black "Androvic, Peter"]
[Result "0-1"]
[WhiteElo "1608"]
[BlackElo "2028"]
[PlyCount "76"]
[EventDate "2005.06.25"]
[EventType "swiss"]
[EventRounds "9"]
[EventCountry "SVK"]
[SourceTitle "EXT 2006"]
[Source "ChessBase"]
[SourceDate "2005.11.24"]
[SourceVersion "1"]
[SourceVersionDate "2005.11.24"]
[SourceQuality "1"]

1. e4 e5 2. Nf3 Nc6 3. d4 exd4 4. Nxd4 Nf6 5. Nc3 Be7 6. Bc4 0-0 7. 0-0 Re8 8. Re1 d6 9. Bf4 Ne5 10. Bb3 c6 11. Qd2 Qc7 12. Rad1 a6 13. Qe3 c5 14. Nf5 Bxf5 15. exf5 c4 16. Ba4 Reb8 17. Bxe5 dxe5 18. Qxe5 Qxe5 19. Rxe5 Bf8 20. a3 Rd8 21. Kf1 Rxd1+ 22. Nxd1 Bd6 23. Re3 b5 24. h3 Nd5 25. Re2 Nb6 26. Rd2 Be5 27. Re2 Bf6 28. b3 bxa4 29. bxc4 Nxc4 30. Ne3 Nxa3 31. Nd5 Nc4 32. Nc7 Rc8 33. Ke1 a3 34. c3 Bxc3+ 35. Kd1 Nb2+ 36. Kc2 a2 37. Kxc3 Nd1+ 38. Kb3 a1Q 0-1

[Event "Bratislava Slovan op"]
[Site "Bratislava"]
[Date "2004.05.03"]
[Round "4"]
[White "Maslikova, Veronika"]
[Black "Androvic, Peter"]
[Result "1-0"]
[WhiteElo "2156"]
[BlackElo "2049"]
[PlyCount "41"]
[EventDate "2004.05.??"]
[EventType "swiss"]
[EventRounds "9"]
[EventCountry "SVK"]
[SourceTitle "EXT 2005"]
[Source "ChessBase"]
[SourceDate "2004.11.15"]
[SourceVersion "1"]
[SourceVersionDate "2004.11.15"]
[SourceQuality "1"]

1. e4 c5 2. Nf3 d6 3. d4 cxd4 4. Nxd4 Nf6 5. Nc3 a6 6. Be2 g6 7. 0-0 Bg7 8. Be3 b5 9. Bf3 e5 10. Nb3 0-0 11. Nd5 Nbd7 12. Qd3 Ne8 13. a4 bxa4 14. Rxa4 Bb7 15. Rfa1 Rc8 16. Nb4 f5 17. Nxa6 f4 18. Bd2 Ndf6 19. Nb4 g5 20. Ra7 Qb6 21. Nd5 1-0

[Event "Bratislava op"]
[Site "Bratislava"]
[Date "2004.04.17"]
[Round "8"]
[White "Androvic, Peter"]
[Black "Pacher, Milan"]
[Result "0-1"]
[WhiteElo "2049"]
[BlackElo "2051"]
[PlyCount "76"]
[EventDate "2004.04.??"]
[EventType "swiss"]
[EventRounds "9"]
[EventCountry "SVK"]
[SourceTitle "EXT 2005"]
[Source "ChessBase"]
[SourceDate "2004.11.15"]
[SourceVersion "1"]
[SourceVersionDate "2004.11.15"]
[SourceQuality "1"]

1. e4 c6 2. d4 d5 3. exd5 cxd5 4. Bd3 Nc6 5. c3 Nf6 6. h3 g6 7. Bf4 Bf5 8. Bxf5 gxf5 9. Qd3 e6 10. Ne2 Rg8 11. Nd2 Bd6 12. g3 Ne4 13. Qe3 Qc7 14. Nxe4 fxe4 15. Bg5 Be7 16. Bf4 Qa5 17. a4 f6 18. g4 e5 19. Bg3 0-0-0 20. 0-0 Qc7 21. b4 Bd6 22. b5 exd4 23. cxd4 Na5 24. Nf4 Nc4 25. Qc1 Qf7 26. Ra2 Kb8 27. Rc2 Bxf4 28. Qxf4+ Ka8 29. Kh2 Rg7 30. Bh4 Rf8 31. Rfc1 h5 32. gxh5 Qxh5 33. Bg3 Rh8 34. h4 f5 35. Rxc4 dxc4 36. Rxc4 Rg4 37. Qe3 f4 38. Qc3 Rxh4+ 0-1

[Event "Bratislava op"]
[Site "Bratislava"]
[Date "2004.04.14"]
[Round "6"]
[White "Rohacek, Miroslav"]
[Black "Androvic, Peter"]
[Result "1-0"]
[WhiteElo "2178"]
[BlackElo "2049"]
[PlyCount "75"]
[EventDate "2004.04.??"]
[EventType "swiss"]
[EventRounds "9"]
[EventCountry "SVK"]
[SourceTitle "EXT 2005"]
[Source "ChessBase"]
[SourceDate "2004.11.15"]
[SourceVersion "1"]
[SourceVersionDate "2004.11.15"]
[SourceQuality "1"]

1. Nf3 d5 2. c4 Nf6 3. cxd5 Nxd5 4. e4 Nf6 5. Nc3 e6 6. d4 Be7 7. Bb5+ c6 8. Bd3 h6 9. h3 Nbd7 10. Be3 b6 11. 0-0 Bb7 12. Qc2 Qc7 13. e5 Nd5 14. Nxd5 exd5 15. Bf5 Nf8 16. e6 f6 17. Bg6+ Kd8 18. Bf7 Bd6 19. Nh4 Bc8 20. Ng6 Nxg6 21. Qxg6 Bf8 22. Rfe1 a5 23. g3 Qe7 24. Bf4 Ba6 25. Rac1 Bb5 26. h4 a4 27. h5 Kc8 28. Be8 Kb7 29. Bd7 Bc4 30. Rxc4 dxc4 31. Bxc6+ Kxc6 32. Qe4+ Kb5 33. Qd5+ Ka6 34. Qxa8+ Kb5 35. Qd5+ Ka6 36. Qxc4+ Kb7 37. Rc1 Qe8 38. Qc7+ 1-0

[Event "Bratislava-ch"]
[Site "Bratislava"]
[Date "2003.03.30"]
[Round "1"]
[White "Androvic, Peter"]
[Black "Jambrich, Jaromir"]
[Result "1-0"]
[WhiteElo "1980"]
[BlackElo "1699"]
[PlyCount "62"]
[EventDate "2003.03.??"]
[EventType "swiss"]
[EventRounds "9"]
[EventCountry "SVK"]
[SourceTitle "EXT 2006"]
[Source "ChessBase"]
[SourceDate "2005.11.24"]
[SourceVersion "1"]
[SourceVersionDate "2005.11.24"]
[SourceQuality "1"]

1. e4 Nf6 2. e5 Nd5 3. d4 d6 4. c4 Nb6 5. f4 dxe5 6. fxe5 g6 7. Be3 Bg7 8. Nf3 0-0 9. a4 Be6 10. Nbd2 c5 11. d5 Bg4 12. h3 Bxf3 13. Nxf3 N6d7 14. Bf4 Qa5+ 15. Qd2 Qxd2+ 16. Kxd2 Na6 17. Bd3 Nb4 18. Be4 f5 19. Bb1 Rad8 20. Re1 Rfe8 21. Kc1 Nb6 22. Nd2 N6xd5 23. cxd5 Nxd5 24. Ba2 Kh8 25. Bxd5 Rxd5 26. Nf3 Red8 27. Ng5 Kg8 28. Ne6 R8d7 29. Kb1 b6 30. Ka2 Kf7 31. Nxc5 Rc7 1-0

[Event "Bratislava Slovan op"]
[Site "Bratislava"]
[Date "2003.??.??"]
[Round "?"]
[White "Zetocha, Claudiu"]
[Black "Androvic, Peter"]
[Result "1-0"]
[WhiteElo "2405"]
[BlackElo "2175"]
[PlyCount "52"]
[EventDate "2003.04.??"]
[EventType "swiss"]
[EventRounds "9"]
[EventCountry "SVK"]
[SourceTitle "EXT 2005"]
[Source "ChessBase"]
[SourceDate "2004.11.15"]
[SourceVersion "1"]
[SourceVersionDate "2004.11.15"]
[SourceQuality "1"]

1. e4 c5 2. Nf3 d6 3. Bb5+ Bd7 4. Bxd7+ Qxd7 5. c4 Nc6 6. Nc3 g6 7. d4 cxd4 8. Nxd4 Bg7 9. Nde2 Nf6 10. 0-0 0-0 11. f3 Qd8 12. Kh1 Nd7 13. Bg5 Nc5 14. Rb1 Ne6 15. Be3 Qa5 16. Qd2 Rfc8 17. f4 a6 18. b4 Qd8 19. Nd5 Rab8 20. Nb6 Rc7 21. b5 axb5 22. cxb5 Na7 23. Nd5 Rc5 24. f5 Nf8 25. Bxc5 dxc5 26. Qf4 f6 1-0

[Event "Tatry op"]
[Site "Tatranske Zruby"]
[Date "2002.09.28"]
[Round "1"]
[White "Lipka, Juraj"]
[Black "Androvic, Peter"]
[Result "1-0"]
[WhiteElo "2432"]
[BlackElo "2058"]
[PlyCount "57"]
[EventDate "2002.09.28"]
[EventType "swiss"]
[EventRounds "9"]
[EventCountry "SVK"]
[SourceTitle "EXT 2005"]
[Source "ChessBase"]
[SourceDate "2004.11.15"]
[SourceVersion "1"]
[SourceVersionDate "2004.11.15"]
[SourceQuality "1"]

1. e4 c5 2. Nf3 Nc6 3. Bb5 e6 4. Bxc6 bxc6 5. d3 Ne7 6. Bd2 Ng6 7. Bc3 d5 8. e5 Be7 9. 0-0 0-0 10. b3 Qc7 11. Re1 Bb7 12. Nbd2 Rab8 13. Bb2 Rfe8 14. Qe2 Qd8 15. g3 a5 16. a4 Ba6 17. h4 Nf8 18. Rad1 Nd7 19. Nf1 c4 20. dxc4 Bxc4 21. Qd2 Nc5 22. Nd4 Qb6 23. bxc4 Qxb2 24. Nxc6 Ne4 25. Rxe4 dxe4 26. Nxb8 Rxb8 27. Qxa5 Qxc2 28. Qa7 Re8 29. Qxe7 1-0